000
00313nam a2200133 a 4500
001
5228
003
CDMR
005
20130116135306.0
008
130130s1999||||||||||||||||||||||||||||d
040
_a
CDMR
_b
cat
_c
CPC GIRONA
245
0
_a
Memòria de dades 1998-99
260
_c
1999
_b
Universitat de Girona
942
_c
MON
999
_c
5228
_d
5228